|
|
|
|
| LEADER |
00000cam a22000004a 4500 |
| 001 |
musev2_48468 |
| 003 |
MdBmJHUP |
| 005 |
20230905045034.0 |
| 006 |
m o d |
| 007 |
cr||||||||nn|n |
| 008 |
150326s2015 lau o 00 0 eng d |
| 010 |
|
|
|z 2015012006
|
| 020 |
|
|
|a 9780807160947
|
| 020 |
|
|
|z 9780807160923
|
| 035 |
|
|
|a (OCoLC)965158342
|
| 040 |
|
|
|a MdBmJHUP
|c MdBmJHUP
|
| 100 |
1 |
|
|a Teel, Leonard Ray,
|e author.
|
| 245 |
1 |
0 |
|a Reporting the Cuban Revolution :
|b How Castro Manipulated American Journalists /
|c Leonard Ray Teel ; foreword by Patrick Washburn.
|
| 264 |
|
1 |
|a Baton Rouge :
|b Louisiana State University Press,
|c [2015]
|
| 264 |
|
3 |
|a Baltimore, Md. :
|b Project MUSE,
|c 2016
|
| 264 |
|
4 |
|c ©[2015]
|
| 300 |
|
|
|a 1 online resource (264 pages).
|
| 336 |
|
|
|a text
|b txt
|2 rdacontent
|
| 337 |
|
|
|a computer
|b c
|2 rdamedia
|
| 338 |
|
|
|a online resource
|b cr
|2 rdacarrier
|
| 490 |
0 |
|
|a Media and public affairs
|
| 505 |
0 |
|
|a The thirteen -- Scoop! -- The stage is set -- Cuba's jungle fighters -- Marching with Castro -- The two Havanas -- This is absolutely false -- It is necessary to have faith -- How can we prove we are not something? -- Liberator or dictator? -- Epilogue: in revolutionary situations.
|
| 520 |
|
|
|a "Reporting the Cuban Revolution reveals the untold story of thirteen American journalists in Cuba whose stories about Fidel Castro's revolution changed the way Americans viewed the conflict and altered U.S. foreign policy in Castro's favor. Between 1956 and 1959, the thirteen correspondents worked underground in Cuba, evading the repressive censorship of Fulgencio Batista's dictatorship in order to report on the rebellion led by Fidel Castro. The journalists' stories appeared in major newspapers and magazines and on national television and radio, influencing Congress to abruptly cut off shipments of arms to Batista in 1958. Castro was so appreciative of the journalists' efforts to publicize his rebellion that on his first visit to the United States as premier of Cuba, he invited the reporters to a private reception at the Cuban Embassy in Washington, where he presented them with engraved gold medals. While the medals revealed Castro's perception of the correspondents as like-minded partisans, the journalists themselves had no such intentions. Some had journeyed to Cuba in pursuit of scoops that could rejuvenate or jump-start their careers; others sought to promote press freedom in Latin America; still others were simply carrying out assignments from their editors. Bringing to light the disparate motives and experiences of the thirteen journalists who reported on this crucial period in Cuba's history, Reporting the Cuban Revolution is both a masterwork of narrative nonfiction and a deft analysis of the tension between propaganda and objectivity in the work of American foreign correspondents."--
|c Publisher's description.
|
| 588 |
|
|
|a Description based on print version record.
|
| 600 |
1 |
7 |
|a Castro, Fidel,
|d 1926-2016
|2 fast
|0 (OCoLC)fst00052772
|
| 600 |
1 |
0 |
|a Castro, Fidel,
|d 1926-2016
|x Relations with journalists.
|
| 651 |
|
7 |
|a United States.
|2 fast
|0 (OCoLC)fst01204155
|
| 651 |
|
7 |
|a Cuba.
|2 fast
|0 (OCoLC)fst01205805
|
| 651 |
|
6 |
|a Cuba
|x Histoire
|y 1959 (Revolution)
|x Journalistes.
|
| 651 |
|
6 |
|a Cuba
|x Histoire
|y 1959 (Revolution)
|x Couverture de presse
|z États-Unis.
|
| 651 |
|
0 |
|a Cuba
|x Foreign public opinion, American.
|
| 651 |
|
0 |
|a Cuba
|x History
|y Revolution, 1959
|x Journalists.
|
| 651 |
|
0 |
|a Cuba
|x History
|y Revolution, 1959
|x Press coverage
|z United States.
|
| 650 |
|
7 |
|a Reporters and reporting.
|2 fast
|0 (OCoLC)fst01094906
|
| 650 |
|
7 |
|a Relations with journalists.
|2 fast
|0 (OCoLC)fst01354360
|
| 650 |
|
7 |
|a Public opinion, American.
|2 fast
|0 (OCoLC)fst01354087
|
| 650 |
|
7 |
|a Press coverage.
|2 fast
|0 (OCoLC)fst01198921
|
| 650 |
|
7 |
|a Journalists.
|2 fast
|0 (OCoLC)fst00984188
|
| 650 |
|
7 |
|a Foreign news.
|2 fast
|0 (OCoLC)fst00931863
|
| 650 |
|
6 |
|a Information internationale
|z États-Unis
|x Histoire
|y 20e siecle.
|
| 650 |
|
0 |
|a Reporters and reporting
|z United States
|x History
|y 20th century.
|
| 650 |
|
0 |
|a Foreign news
|z United States
|x History
|y 20th century.
|
| 655 |
|
7 |
|a History.
|2 fast
|0 (OCoLC)fst01411628
|
| 655 |
|
7 |
|a Electronic books.
|2 local
|
| 710 |
2 |
|
|a Project Muse.
|e distributor
|
| 830 |
|
0 |
|a Book collections on Project MUSE.
|
| 856 |
4 |
0 |
|z Texto completo
|u https://projectmuse.uam.elogim.com/book/48468/
|
| 945 |
|
|
|a Project MUSE - Custom Collection
|
| 945 |
|
|
|a Project MUSE - 2016 Complete
|
| 945 |
|
|
|a Project MUSE - 2016 History
|
| 945 |
|
|
|a Project MUSE - 2016 Latin American and Caribbean Studies
|